[Event "Wch U16"]
[Site "Kemer"]
[Date "2009.11.21"]
[Round "10"]
[White "Van Rensburg, Ryan Pierre"]
[Black "Litvinov, Konstantin"]
[Result "0-1"]
[WhiteElo "1963"]
[BlackElo "1841"]
[PlyCount "22"]
[EventDate "2009.11.12"]
[EventType "swiss"]
[EventRounds "11"]
[EventCountry "TUR"]
[SourceTitle "EXT 2010"]
[Source "ChessBase"]
[SourceDate "2010.11.25"]
[SourceVersion "1"]
[SourceVersionDate "2010.11.25"]
[SourceQuality "1"]

1. e4 e6 2. d4 d5 3. Nc3 dxe4 4. Nxe4 Bd7 5. Nf3 Bc6 6. Nc3 Nf6 7. Bc4 Be7 8. 0-0 0-0 9. Be3 Nd5 10. Ne5 Nxe3 11. fxe3 Bg5 0-1

[Event "Wch U16"]
[Site "Kemer"]
[Date "2009.11.12"]
[Round "1"]
[White "Litvinov, Konstantin"]
[Black "Saeed, Ishaq"]
[Result "0-1"]
[WhiteElo "1841"]
[BlackElo "2271"]
[PlyCount "88"]
[EventDate "2009.11.12"]
[EventType "swiss"]
[EventRounds "11"]
[EventCountry "TUR"]
[SourceTitle "EXT 2010"]
[Source "ChessBase"]
[SourceDate "2010.11.25"]
[SourceVersion "1"]
[SourceVersionDate "2010.11.25"]
[SourceQuality "1"]

1. d4 d5 2. c4 c6 3. Nf3 Nf6 4. e3 e6 5. Nc3 Nbd7 6. Bd3 dxc4 7. Bxc4 b5 8. Bd3 Bb7 9. e4 b4 10. Ne2 c5 11. Bg5 Qb6 12. Bxf6 gxf6 13. Rc1 Rg8 14. Rg1 cxd4 15. Qa4 Rc8 16. Rxc8+ Bxc8 17. Nd2 Bc5 18. Nc4 Qc7 19. Kd2 Ke7 20. g3 Nb6 21. Nxb6 axb6 22. Rc1 Bb7 23. Qc2 Qe5 24. Nf4 Bd6 25. Ne2 Qh5 26. h4 Qf3 27. Rf1 Rc8 28. Qb1 Be5 29. b3 Rc4 30. Ng1 Qg2 31. Ne2 h5 32. f4 Bd6 33. Qe1 Rc3 34. Rf2 Rxd3+ 35. Kxd3 Qxe4+ 36. Kd2 Qe3+ 37. Kd1 Bc5 38. Ng1 Qxg3 39. Ne2 Qd3+ 40. Kc1 Qe3+ 41. Kd1 d3 42. Nc1 Qxf2 43. Qxf2 Bxf2 44. Nxd3 Bxh4 0-1

[Event "Wch U14"]
[Site "Vung Tau"]
[Date "2008.10.20"]
[Round "1"]
[White "Litvinov, Konstantin"]
[Black "Ankit, R Rajpara"]
[Result "0-1"]
[WhiteElo "1752"]
[BlackElo "2200"]
[PlyCount "156"]
[EventDate "2008.10.20"]
[EventType "swiss"]
[EventRounds "11"]
[EventCountry "VIE"]
[SourceTitle "EXT 2009"]
[Source "ChessBase"]
[SourceDate "2008.11.26"]
[SourceVersion "1"]
[SourceVersionDate "2008.11.26"]
[SourceQuality "1"]

1. d4 d6 2. c4 e5 3. dxe5 dxe5 4. Qxd8+ Kxd8 5. Nc3 c6 6. Nf3 f6 7. e4 Be6 8. Be3 Nd7 9. 0-0-0 Kc7 10. Be2 Bb4 11. Kc2 a5 12. a3 Be7 13. Nd2 Nh6 14. h3 Rhd8 15. Rc1 Bc5 16. g4 Nf7 17. Nb3 Bxe3 18. fxe3 a4 19. Nd2 Nc5 20. Rhd1 Rd7 21. Re1 Rad8 22. Rcd1 Nd6 23. Bf1 Bf7 24. Be2 Nc8 25. Nf1 Rxd1 26. Rxd1 Rxd1 27. Kxd1 Nd6 28. Nd2 Bg6 29. Bf3 Nd3 30. Nxa4 Nf2+ 31. Ke2 Nxh3 32. Nc3 Bf7 33. b3 Be6 34. Nd1 Nf7 35. Nf2 Nhg5 36. Bg2 g6 37. Nf3 Nxf3 38. Bxf3 b5 39. cxb5 cxb5 40. Kd2 Bxb3 41. Be2 Nd6 42. Kc3 Be6 43. Kb4 Kb6 44. Bd3 Bd7 45. Be2 Nc8 46. Nd3 Ne7 47. Bd1 Nc6+ 48. Kc3 Na5 49. Nb4 Be6 50. Nd5+ Bxd5 51. exd5 Kc5 52. e4 Nc4 53. a4 Ne3 54. Bb3 bxa4 55. Bxa4 Nxg4 56. Kd3 Nh6 57. Bb3 Nf7 58. Ke3 Nd6 59. Ba2 f5 60. exf5 Nxf5+ 61. Ke4 Kd6 62. Bc4 Ng3+ 63. Kf3 Nh5 64. Ke4 Nf6+ 65. Kf3 Nxd5 66. Bf1 Nf6 67. Bg2 Kc5 68. Ke3 g5 69. Bf3 h5 70. Kf2 Kd4 71. Kg2 Nd5 72. Kf2 g4 73. Bd1 e4 74. Kg3 Kd3 75. Kh4 Nf4 76. Kg3 Ng6 77. Ba4 e3 78. Bb5+ Kd2 0-1